African Countries Starting with G - Statistics

General Stats
  • This quiz has been taken 44 times
  • The average score is 4 of 5
Answer Stats
Country % Correct
Guinea
97%
Guinea Bissau
92%
Ghana
89%
Gabon
87%
Gambia
82%
No matching quizzes found
Score Distribution
Percent of People with Each Score
Percentile by Number Answered
Your Score History
You have not taken this quiz